[Event "Team women chess final 2021"]
[Site "?"]
[Date "2021.05.03"]
[Round "3.10"]
[White "Girya, Olga"]
[Black "Mironenko, Galina"]
[Result "1-0"]
[WhiteElo "2451"]
[BlackElo "1990"]
[PlyCount "151"]
[EventDate "2021.??.??"]

1.d4 Nf6 2.c4 e6 3.Nf3 d5 4.Nc3 dxc4 5.e4 b5 6.e5 Nd5 7.Nxb5
Nb6 8.Be2 Nc6 9.O-O Be7 10.Be3 O-O 11.Nc3 Bb7 12.Na4 Qd5 13.Rc1
Ba6 14.Nc3 Qd7 15.a3 Rab8 16.Qc2 Na5 17.Ne4 Nd5 18.Neg5 g6 19.Rb1
Rb3 20.Bd2 Nc6 21.Bxc4 Bxc4 22.Qxc4 Rfb8 23.Bb4 R3xb4 24.axb4
Rxb4 25.Qa6 Nxd4 26.Nxd4 Rxd4 27.Nf3 Ra4 28.Qd3 c5 29.Ra1 Rb4
30.b3 Qb7 31.Qa6 Rxb3 32.Qxa7 c4 33.Nd2 Qxa7 34.Rxa7 Rb4 35.Ne4
Rb3 36.Nd2 Rb4 37.Ne4 Rb3 38.g3 Kg7 39.Rc1 c3 40.Nd6 h5 41.h4
Rb8 42.Ne4 Rb2 43.Nxc3 Bc5 44.Nd1 Rb5 45.Ra4 Bb6 46.Re4 Rb3 47.Kg2
Kh6 48.Rc2 g5 49.Nb2 Kg6 50.Nc4 Bc7 51.Nd2 Rd3 52.hxg5 Kf5 53.Rh4
Kxg5 54.Nf3+ Kg6 55.Rhc4 Bb6 56.Rc8 Kg7 57.Rb8 Bc7 58.Rb7 Bd8
59.Rc8 Be7 60.Rbb8 f6 61.Rg8+ Kf7 62.Rh8 Kg6 63.Nh4+ Kg7 64.Rbg8+
Kf7 65.Rg6 fxe5 66.Rh7+ Ke8 67.Rxe6 Kd7 68.Rxe5 Kd6 69.Rexh5
Bxh4 70.Rxh4 Rd2 71.R4h6+ Kc5 72.Re6 Kc4 73.Rc6+ Kd4 74.Rh4+
Ke5 75.Rh5+ Ke4 76.Rc4+ 1-0

[Event "Team women chess final 2021"]
[Site "?"]
[Date "2021.05.03"]
[Round "3.11"]
[White "Filippova, Darya"]
[Black "Guseva, Marina"]
[Result "0-1"]
[WhiteElo "1915"]
[BlackElo "2403"]
[PlyCount "48"]
[EventDate "2021.??.??"]

1.c4 e5 2.Nc3 Nf6 3.Nf3 Nc6 4.d4 exd4 5.Nxd4 Bb4 6.Nxc6 bxc6
7.Bg5 h6 8.Bh4 Bxc3+ 9.bxc3 Qe7 10.Qd4 g5 11.Bg3 c5 12.Qe5 d6
13.Qxe7+ Kxe7 14.h4 Be6 15.e3 Ne4 16.Bd3 Nxg3 17.fxg3 gxh4 18.gxh4
Rab8 19.O-O-O Rhg8 20.Rd2 Rg3 21.e4 Rbg8 22.Rh2 Re3 23.Rh1 Rgg3
24.Rhd1 Bg4 0-1

[Event "Team women chess final 2021"]
[Site "?"]
[Date "2021.05.03"]
[Round "3.12"]
[White "Kovanova, Baira"]
[Black "Shnayder, Violetta"]
[Result "1-0"]
[WhiteElo "2330"]
[BlackElo "1892"]
[PlyCount "65"]
[EventDate "2021.??.??"]

1.e4 c6 2.d4 d5 3.Nc3 dxe4 4.Nxe4 Nf6 5.Nxf6+ exf6 6.c3 Bd6 7.Bd3
O-O 8.Qc2 Re8+ 9.Ne2 h5 10.Be3 Nd7 11.O-O-O Nf8 12.h3 Be6 13.Kb1
Bd5 14.c4 Bxg2 15.Rhg1 Bf3 16.Bh6 Ne6 17.Bxg7 Nxg7 18.Qd2 Rxe2
19.Qh6 Rxb2+ 20.Kxb2 Ba3+ 21.Kc2 Bg4 22.hxg4 Qb6 23.Bh7+ Kf8
24.gxh5 Qb2+ 25.Kd3 Rd8 26.Qxg7+ Ke8 27.Qg4 Be7 28.Qe4 Qa3+ 29.Ke2
Qxa2+ 30.Qc2 Qa5 31.Rg8+ Bf8 32.Qe4+ Kd7 33.Qf5+ 1-0

[Event "Team women chess final 2021"]
[Site "?"]
[Date "2021.05.04"]
[Round "4.1"]
[White "Vasilevich, Tatjana"]
[Black "Lagno, Kateryna"]
[Result "1/2-1/2"]
[WhiteElo "2355"]
[BlackElo "2546"]
[PlyCount "48"]
[EventDate "2021.??.??"]

1.e4 e5 2.Nf3 Nc6 3.Nc3 Nf6 4.Bb5 Nd4 5.Bc4 Bc5 6.Nxe5 Qe7 7.Nf3
d5 8.Bxd5 Bg4 9.d3 O-O-O 10.Be3 Nxd5 11.Nxd5 Rxd5 12.exd5 Re8
13.c3 Nxf3+ 14.gxf3 Qh4 15.Kd2 Rxe3 16.fxe3 Qf2+ 17.Kc1 Bxe3+
18.Kb1 Bxf3 19.Qe1 Bxh1 20.Qxh1 Qe2 21.a4 Qxd3+ 22.Ka2 Qc4+ 23.Kb1
Qd3+ 24.Ka2 Qc4+ 1/2-1/2

[Event "Team women chess final 2021"]
[Site "?"]
[Date "2021.05.04"]
[Round "4.2"]
[White "Kosteniuk, Alexandra"]
[Black "Gritsayeva, Oksana"]
[Result "1-0"]
[WhiteElo "2474"]
[BlackElo "2336"]
[PlyCount "79"]
[EventDate "2021.??.??"]

1.e4 e5 2.Nf3 Nc6 3.Bc4 Nf6 4.d3 Be7 5.O-O O-O 6.Re1 d6 7.a4
Kh8 8.h3 Ng8 9.Nc3 f5 10.Nd5 Nf6 11.Ng5 Ng8 12.Qh5 Bxg5 13.Bxg5
Qd7 14.f4 Nce7 15.exf5 Nxf5 16.fxe5 dxe5 17.Rxe5 g6 18.Qe2 c6
19.Nf4 Qd4+ 20.Kh2 Bd7 21.Ne6 Bxe6 22.Rxe6 Ng7 23.c3 Qd7 24.Re5
h6 25.Bh4 Nf5 26.Be6 Qc7 27.Bxf5 gxf5 28.Kh1 f4 29.Rf1 Rf7 30.Rf3
c5 31.Bf2 b6 32.d4 c4 33.d5 Ne7 34.Bd4 Kg8 35.d6 Qxd6 36.Qe4
Rd8 37.Re6 Qc7 38.Rxh6 Kf8 39.Rh8+ Ng8 40.Qg6 1-0

[Event "Team women chess final 2021"]
[Site "?"]
[Date "2021.05.04"]
[Round "4.3"]
[White "Potapova, Margarita"]
[Black "Bivol, Alina"]
[Result "1-0"]
[WhiteElo "2252"]
[BlackElo "2385"]
[PlyCount "125"]
[EventDate "2021.??.??"]

1.e4 e6 2.d3 c5 3.Be2 Nc6 4.f4 d6 5.Nf3 g6 6.O-O Bg7 7.c3 Nf6
8.Na3 O-O 9.Qe1 a6 10.Nc2 b5 11.Kh1 Rb8 12.Qh4 Ne8 13.Qh3 f5
14.Ng5 h6 15.Nf3 Nf6 16.exf5 exf5 17.Bd2 Ne7 18.a4 bxa4 19.Bc1
Be6 20.Ne3 Ned5 21.Nxd5 Bxd5 22.Rxa4 Re8 23.Bd1 Rb6 24.Qg3 Bf7
25.Nd2 d5 26.Nf3 c4 27.Ne5 Qc7 28.Be3 Rbe6 29.Bd4 Nd7 30.dxc4
Nxe5 31.cxd5 R6e7 32.fxe5 Bxe5 33.Bxe5 Rxe5 34.Rd4 Qb6 35.d6
Qb5 36.Rg1 Re3 37.Qf2 Qe5 38.d7 Rd8 39.Qh4 Qc7 40.Qxh6 Re4 41.Rxe4
fxe4 42.Bg4 Qb6 43.Qg5 Bc4 44.h3 e3 45.Re1 e2 46.Qe7 Qc7 47.Bxe2
Bxe2 48.Qxe2 Rxd7 49.Qxa6 Kh7 50.Qe6 Qd8 51.Qe8 Qc7 52.b4 Rg7
53.Qe5 Qc4 54.Re4 Qf1+ 55.Kh2 g5 56.Re3 Qf8 57.Rf3 Qd8 58.Rf6
Rg6 59.Rf7+ Kh6 60.Qc7 Qg8 61.Qe7 Rc6 62.b5 Rxc3 63.Rf6+ 1-0

[Event "Team women chess final 2021"]
[Site "?"]
[Date "2021.05.04"]
[Round "4.4"]
[White "Voit, Daria"]
[Black "Tomilova, Elena"]
[Result "1-0"]
[WhiteElo "2360"]
[BlackElo "2338"]
[PlyCount "77"]
[EventDate "2021.??.??"]

1.Nf3 d5 2.d4 Nf6 3.c4 e6 4.g3 Be7 5.Bg2 O-O 6.O-O Nbd7 7.Qc2
c6 8.Bf4 b6 9.Rd1 Ba6 10.Ne5 Rc8 11.Nc3 Bxc4 12.Nxc4 dxc4 13.e4
b5 14.a4 a6 15.axb5 axb5 16.d5 cxd5 17.exd5 e5 18.Bg5 Bc5 19.Ra6
h6 20.Bxf6 Nxf6 21.Nxb5 Ng4 22.Rf1 Qd7 23.Rc6 Rxc6 24.dxc6 Qd3
25.Qxd3 cxd3 26.Bf3 f5 27.h3 Nf6 28.Rc1 e4 29.Bd1 e3 30.Rxc5
Ne4 31.Rc1 d2 32.Rc3 Nxf2 33.Bb3+ Kh7 34.Rxe3 d1Q+ 35.Bxd1 Nxd1
36.Re2 f4 37.gxf4 Rxf4 38.c7 Rc4 39.Re8 1-0

[Event "Team women chess final 2021"]
[Site "?"]
[Date "2021.05.04"]
[Round "4.5"]
[White "Pogonina, Natalija"]
[Black "Zherebtsova, Alexandra"]
[Result "1-0"]
[WhiteElo "2472"]
[BlackElo "2141"]
[PlyCount "131"]
[EventDate "2021.??.??"]

1.e4 c5 2.Nf3 Nc6 3.d4 cxd4 4.Nxd4 Nf6 5.Nc3 e5 6.Ndb5 d6 7.Bg5
a6 8.Na3 b5 9.Nd5 Be7 10.Bxf6 Bxf6 11.c3 O-O 12.Nc2 Bg5 13.h4
Bh6 14.g3 Rb8 15.Bg2 a5 16.Qd3 Ne7 17.Nde3 Bxe3 18.Nxe3 Be6 19.O-O
Qb6 20.Rfd1 Rfd8 21.Rd2 b4 22.c4 Nc6 23.b3 a4 24.Rad1 Qc5 25.Kh2
Rb6 26.Bh3 Ra6 27.Kg2 axb3 28.axb3 Nd4 29.Nc2 Nxc2 30.Rxc2 Ra3
31.Rcd2 Rd7 32.h5 h6 33.Bf5 Qc6 34.Kh2 Qc5 35.Kg1 Rd8 36.Qc2
Rd7 37.Rd3 Qa7 38.Qe2 Ra2 39.R1d2 Rxd2 40.Rxd2 Bxf5 41.exf5 Kf8
42.Qd1 Ke7 43.Rd5 Qa6 44.Qg4 Qa2 45.Qh4+ f6 46.Qg4 Ke8 47.Rb5
Kd8 48.Rxb4 Qb1+ 49.Kg2 Ra7 50.Rb8+ Kc7 51.Rb5 Kc6 52.Qf3+ e4
53.Qe3 Ra6 54.Qd4 Qd3 55.Qxd3 exd3 56.Rd5 d2 57.Rxd2 Kc5 58.Rd5+
Kb4 59.Rb5+ Kc3 60.Rb7 Ra3 61.Rb6 Rxb3 62.Rxd6 Kxc4 63.Rd7 Rb5
64.g4 Rb3 65.f3 Kc5 66.Kg3 1-0

[Event "Team women chess final 2021"]
[Site "?"]
[Date "2021.05.04"]
[Round "4.6"]
[White "Khokhlova, Daria"]
[Black "Girya, Olga"]
[Result "0-1"]
[WhiteElo "2140"]
[BlackElo "2451"]
[PlyCount "84"]
[EventDate "2021.??.??"]

1.c4 c6 2.Nf3 d5 3.cxd5 cxd5 4.d4 Nc6 5.Nc3 Nf6 6.Bf4 Bf5 7.e3
e6 8.Bd3 Bxd3 9.Qxd3 Be7 10.O-O O-O 11.h3 Rc8 12.Rac1 Nd7 13.a3
Nb6 14.Nd2 Na5 15.Rc2 Nac4 16.Rfc1 Nxb2 17.Rxb2 Bxa3 18.Rxb6
Bxc1 19.Rxb7 Bxd2 20.Qxd2 Qa5 21.Bd6 Qa6 22.Bxf8 Qxb7 23.Bc5
Qb3 24.Na2 Qb1+ 25.Kh2 Qb8+ 26.Kg1 Qb1+ 27.Kh2 Qb8+ 28.Kg1 Qb5
29.Qb4 Qxb4 30.Nxb4 a5 31.Nc2 Rb8 32.g4 Rb2 33.Na3 g5 34.Kg2
Kg7 35.Kg3 Kg6 36.f4 f6 37.fxg5 fxg5 38.Bd6 Rb3 39.Kf3 h5 40.gxh5+
Kxh5 41.Be7 Kh4 42.Nc2 a4 0-1

[Event "Team women chess final 2021"]
[Site "?"]
[Date "2021.05.04"]
[Round "4.7"]
[White "Guseva, Marina"]
[Black "Doroshenko, Diana"]
[Result "1-0"]
[WhiteElo "2403"]
[BlackElo "2170"]
[PlyCount "103"]
[EventDate "2021.??.??"]

1.d4 d5 2.c4 e6 3.Nc3 Nf6 4.cxd5 Nxd5 5.e4 Nxc3 6.bxc3 c5 7.Nf3
cxd4 8.cxd4 Bb4+ 9.Bd2 Bxd2+ 10.Qxd2 O-O 11.Bc4 Nd7 12.O-O b6
13.Rfe1 Bb7 14.Rad1 Rc8 15.Bb3 Qf6 16.Re3 Rfd8 17.Qe2 Rc7 18.h3
Qe7 19.Qe1 Nf6 20.d5 e5 21.Qd2 Qd6 22.Qb2 Nd7 23.Nh4 g6 24.Rg3
Kh8 25.Qd2 Nf6 26.Re3 Nh5 27.Nf3 f6 28.g3 Bc8 29.Kg2 Bd7 30.Rc1
Rdc8 31.Rxc7 Rxc7 32.Ne1 Ng7 33.Rf3 f5 34.Qg5 Rc8 35.Nd3 Rf8
36.Re3 Re8 37.f4 fxe4 38.Nxe5 Kg8 39.Rxe4 Bf5 40.Re2 Bd3 41.Rd2
Bb5 42.Ng4 Rf8 43.Qe5 Rd8 44.Rc2 h5 45.Nf6+ Kf8 46.Qxd6+ Rxd6
47.Rc8+ Ke7 48.Ne4 Rd8 49.d6+ Rxd6 50.Nxd6 Kxd6 51.Rg8 Bc6+ 52.Kf2 1-0

[Event "Team women chess final 2021"]
[Site "?"]
[Date "2021.05.04"]
[Round "4.8"]
[White "Dubnikova, Anastasia"]
[Black "Kovanova, Baira"]
[Result "1/2-1/2"]
[WhiteElo "2197"]
[BlackElo "2330"]
[PlyCount "92"]
[EventDate "2021.??.??"]

1.c4 Nf6 2.Nf3 c5 3.g3 Nc6 4.Nc3 d6 5.Bg2 e5 6.d3 h6 7.O-O Be7
8.Ne1 Be6 9.Nd5 O-O 10.Nc2 Rb8 11.Rb1 Qd7 12.Nce3 Bh3 13.Nxf6+
Bxf6 14.Nd5 Bd8 15.b4 Bxg2 16.Kxg2 cxb4 17.Nxb4 Ne7 18.Be3 a5
19.Nd5 Nxd5 20.cxd5 b5 21.Rc1 f5 22.f3 Qf7 23.d4 Bb6 24.Rc3 Qxd5
25.dxe5 Qxe5 26.Qb3+ Kh8 27.Bxb6 Rxb6 28.Re3 a4 29.Qd3 Qc5 30.Rd1
b4 31.Qd2 b3 32.axb3 axb3 33.Rc3 Qe5 34.Rb1 Rfb8 35.Qb2 Rb5 36.Rd3
Qe6 37.Kf2 f4 38.gxf4 Rh5 39.Kg1 Qg6+ 40.Kh1 Qg3 41.e3 Rc8 42.Rxb3
Qxf3+ 43.Qg2 Qxg2+ 44.Kxg2 Rc2+ 45.Kf3 Rhxh2 46.Rd3 Rh3+ 1/2-1/2

[Event "Team women chess final 2021"]
[Site "?"]
[Date "2021.05.04"]
[Round "4.9"]
[White "Gunina, Valentina"]
[Black "Bodnaruk, Anastasia"]
[Result "1-0"]
[WhiteElo "2421"]
[BlackElo "2457"]
[PlyCount "139"]
[EventDate "2021.??.??"]

1.d4 Nf6 2.c4 e6 3.Nf3 d5 4.g3 Be7 5.Bg2 O-O 6.O-O c6 7.Nbd2
b6 8.Qc2 Bb7 9.e4 c5 10.exd5 exd5 11.dxc5 Bxc5 12.Nb3 Na6 13.Nxc5
Nxc5 14.Be3 dxc4 15.Bxc5 bxc5 16.Qxc4 Qb6 17.Rfe1 Bd5 18.Qc2
Qb7 19.Nh4 Bxg2 20.Nxg2 Rfe8 21.b3 Nd7 22.Rad1 Ne5 23.Nh4 Qb4
24.Re3 Ng4 25.Rc3 Rad8 26.Rxd8 Rxd8 27.Nf3 Qb7 28.Qf5 Qa6 29.Kg2
Nf6 30.Rxc5 Qb7 31.Qc2 Nd5 32.Qe4 g6 33.Qe5 h6 34.h4 Qd7 35.Ra5
Nb6 36.Qf4 Qb7 37.Rc5 Rd7 38.Re5 Kg7 39.Re4 Rd5 40.Qe3 Qc6 41.Re7
Rf5 42.Rxa7 Nd5 43.Qd3 Nb4 44.Qd4+ Kh7 45.Qd1 Nc2 46.Re7 Nd4
47.Re3 Nxf3 48.Rxf3 h5 49.a4 Kg7 50.Qd4+ Kh7 51.Qc3 Qa8 52.b4
Kg8 53.b5 Rxf3 54.Qxf3 Qxa4 55.b6 Kg7 56.Qd5 Qb4 57.b7 Qb2 58.Qc6
Qb4 59.Kf3 Qb3+ 60.Ke4 Qb4+ 61.Ke5 Qb2+ 62.Kd6 Qd4+ 63.Qd5 Qb6+
64.Kd7 f6 65.Kc8 Qa6 66.Qd7+ Kf8 67.Qd8+ Kf7 68.Qd5+ Kg7 69.Kc7
Qa7 70.Qb5 1-0

[Event "Team women chess final 2021"]
[Site "?"]
[Date "2021.05.04"]
[Round "4.11"]
[White "Maltsevskaya, Aleksandra"]
[Black "Getman, Tatyana"]
[Result "1-0"]
[WhiteElo "2360"]
[BlackElo "2201"]
[PlyCount "41"]
[EventDate "2021.??.??"]

1.c4 e6 2.g3 d5 3.Bg2 Nf6 4.Nf3 d4 5.O-O Nc6 6.e3 Bc5 7.b4 Bxb4
8.exd4 O-O 9.Bb2 Rb8 10.Qb3 Be7 11.d3 Nb4 12.Nc3 b6 13.Ne5 Nd7
14.a3 Nxe5 15.axb4 Nxd3 16.Ba3 c5 17.bxc5 a5 18.Nb5 Nb4 19.Bxb4
axb4 20.c6 Bd6 21.Ra7 1-0

[Event "Team women chess final 2021"]
[Site "?"]
[Date "2021.05.04"]
[Round "4.12"]
[White "Chernyak, Viktoria"]
[Black "Solozhenkina, Elizaveta"]
[Result "0-1"]
[WhiteElo "2329"]
[BlackElo "2308"]
[PlyCount "84"]
[EventDate "2021.??.??"]

1.d4 Nf6 2.c4 g6 3.g3 Bg7 4.Bg2 d5 5.cxd5 Nxd5 6.Nf3 O-O 7.O-O
Nc6 8.Nc3 Nb6 9.d5 Na5 10.e4 c6 11.Be3 Nac4 12.Bd4 Nxb2 13.Qe2
Bxd4 14.Nxd4 N2c4 15.a4 e5 16.Nc2 a5 17.Rab1 c5 18.f4 f6 19.Rf2
Re8 20.Ne1 Bd7 21.Nb5 Bxb5 22.Rxb5 Nd6 23.Rxc5 Nxa4 24.Rc1 b5
25.fxe5 Rxe5 26.Nd3 Re8 27.Qg4 Ra7 28.Nf4 Rf7 29.Ne6 Qb8 30.Rcf1
Qa7 31.Kh1 Qe7 32.h4 Nc4 33.Qe2 Nab6 34.h5 Nd7 35.Nc7 Rc8 36.Nxb5
Qc5 37.Rb1 Rb8 38.Nc3 Rxb1+ 39.Nxb1 Nde5 40.Bh3 Rb7 41.Be6+ Kg7
42.Qf1 Qxf2 0-1

[Event "Team women chess final 2021"]
[Site "?"]
[Date "2021.05.05"]
[Round "5.1"]
[White "Lagno, Kateryna"]
[Black "Ushenina, Anna"]
[Result "1-0"]
[WhiteElo "2546"]
[BlackElo "2416"]
[PlyCount "61"]
[EventDate "2021.??.??"]

1.e4 e5 2.Nf3 Nc6 3.Bb5 Nf6 4.O-O Nxe4 5.Re1 Nd6 6.Nxe5 Be7 7.Bf1
Nxe5 8.Rxe5 O-O 9.d4 Ne8 10.d5 Bc5 11.Re1 d6 12.Nc3 Bf5 13.Ne4
( 13.Bd3 ) Bxe4 14.Rxe4 f5 15.Re1 Qh4 ( 15...Nf6 16.h3 Ne4 )
16.g3 {%08DA} Bxf2+ 17.Kxf2 Qxh2+ 18.Kf3 ( 18.Bg2 Nf6 19.Qf3
Ne4+ 20.Ke2 Rae8 ) Nf6 ( 18...f4 19.gxf4 Nf6 20.Qe2 Qh5+ 21.Kg2
Ng4 ) 19.Qd2 {!} ( 19.Qe2 Qh5+ 20.Kg2 Ng4 21.Kg1 Rae8 ) Qh5+
20.Kg2 {%08DA} Ng4 ( 20...f4 {!} 21.gxf4 Rae8 ) 21.Kg1 f4 22.gxf4
g5 23.Qg2 {!} gxf4 24.Be2 f3 25.Bxf3 Rxf3 26.Re4 {!}
( 26.Qxf3 {?} Qh2+ 27.Kf1 Rf8 ) Qh2+ 27.Qxh2 Nxh2 28.Kxh2 Rf2+
29.Kh3 Rxc2 30.Bh6 Kh8 31.Rg1 1-0

[Event "Team women chess final 2021"]
[Site "?"]
[Date "2021.05.05"]
[Round "5.2"]
[White "Pogonina, Natalija"]
[Black "Shuvalova, Polina"]
[Result "1/2-1/2"]
[WhiteElo "2472"]
[BlackElo "2484"]
[PlyCount "89"]
[EventDate "2021.??.??"]

1.Nf3 Nf6 2.c4 e6 3.g3 d5 4.Bg2 d4 5.O-O c5 6.e3 Nc6 7.exd4 cxd4
8.d3 Bd6 9.Na3 e5 10.Nc2 a5 11.Na3 h6 12.Nb5 Be7 13.h3 Bf5 14.Re1
Nd7 15.Nh4 Be6 16.f4 Bxh4 17.gxh4 O-O 18.Qf3 Qxh4 19.Bd2 exf4
20.Bxf4 Nb4 21.Bd6 Rfd8 22.Nc7 Nc2 23.Re4 Qg5 24.Rf1 Nf6 25.Be7
Ne3 26.Bxf6 gxf6 27.Rf2 Rac8 28.Nxe6 fxe6 29.Qxf6 Qxf6 30.Rxf6
b5 31.b3 bxc4 32.bxc4 Rb8 33.Rexe6 Rb1+ 34.Kh2 Rb2 35.Rg6+ Kf7
36.Ref6+ Ke7 37.Ra6 Rxa2 38.Ra7+ Kf8 39.Rf6+ Kg8 40.Rg6+ Kf8
41.Kg1 Ra1+ 42.Kf2 Ra2+ 43.Kf3 Re8 44.Rf6+ Kg8 45.Rg6+ 1/2-1/2

[Event "Team women chess final 2021"]
[Site "?"]
[Date "2021.05.05"]
[Round "5.3"]
[White "Kosteniuk, Alexandra"]
[Black "Girya, Olga"]
[Result "1-0"]
[WhiteElo "2474"]
[BlackElo "2451"]
[PlyCount "85"]
[EventDate "2021.??.??"]

1.e4 e5 2.Nf3 Nc6 3.Bb5 a6 4.Ba4 Nf6 5.O-O Nxe4 6.d4 b5 7.Bb3
d5 8.dxe5 Be6 9.Qe2 Nc5 10.Rd1 Nxb3 11.axb3 Be7 12.c4 b4 13.Nbd2
O-O 14.Nf1 Qd7 15.h3 Rfd8 16.Ng5 Qe8 17.cxd5 Bxd5 18.Qc2 Bxg5
19.Bxg5 Rd7 20.Ne3 Be6 21.Rxd7 Bxd7 22.Rd1 h6 23.Bh4 Nxe5 {%08DA}
24.Nd5 Be6 ( 24...Ng6 25.Bg3 Rc8 26.Nxc7 Qe7 27.Qd3 Bc6 28.Nxa6
Qb7 ) 25.Nxc7 Rc8 26.Rd8 {!} ( 26.Bg3 f6 ) Rxd8 27.Nxe8 Rxe8
28.Bg3 Rc8 29.Qe2 Nc6 30.Qxa6 Nd4 31.Bd6 Nxb3 32.Bxb4 Re8 33.Bc3
f6 {%08DA} 34.g4 Bf7 35.h4 Nc5 36.Qc6 Ne6 37.Qf3 Nc7 38.Bd2 Rb8
39.b4 Nd5 40.Qd3 Nxb4 41.Qd6 Rc8 42.Bxb4 Rc4 43.f3 1-0

[Event "Team women chess final 2021"]
[Site "?"]
[Date "2021.05.05"]
[Round "5.4"]
[White "Guseva, Marina"]
[Black "Bivol, Alina"]
[Result "1/2-1/2"]
[WhiteElo "2403"]
[BlackElo "2385"]
[PlyCount "68"]
[EventDate "2021.??.??"]

1.d4 Nf6 2.c4 g6 3.Nf3 Bg7 4.g3 c5 5.Bg2 O-O 6.O-O cxd4 7.Nxd4
Nc6 8.Nc3 Qa5 9.e3 a6 10.Bd2 Qc7 11.c5 d6 12.cxd6 Qxd6 13.Nxc6
bxc6 14.e4 Be6 15.Bf4 Qb4 16.Qc2 Rfd8 17.Rfd1 h6 18.h3 Nd7 19.Bd2
Qc5 20.Be3 Qa5 21.Bd4 Bxd4 22.Rxd4 Ne5 23.Rxd8+ Rxd8 24.Rd1 Rxd1+
25.Qxd1 Qb4 26.Qc2 a5 27.Kh2 Qd4 28.b3 c5 29.Nb5 Qd7 30.Qxc5
Nd3 31.Qe3 Qxb5 32.Bf1 Bxh3 33.Bxd3 Qh5 34.Bc4 e6 1/2-1/2

[Event "Team women chess final 2021"]
[Site "?"]
[Date "2021.05.05"]
[Round "5.5"]
[White "Gunina, Valentina"]
[Black "Vasilevich, Tatjana"]
[Result "1-0"]
[WhiteElo "2421"]
[BlackElo "2355"]
[PlyCount "129"]
[EventDate "2021.??.??"]

1.e4 c5 2.Nf3 e6 3.d4 cxd4 4.Nxd4 a6 5.c4 Nf6 6.Nc3 Qc7 7.Qd3
Be7 8.Be2 O-O 9.g4 d6 10.g5 Nfd7 11.h4 Ne5 12.Qh3 Nxc4 13.g6
Bf6 14.gxh7+ Kh8 15.Nb3 b5 16.Bg5 Be5 17.h5 f6 18.Bd2 Nxd2 19.Nxd2
b4 20.Nd1 d5 21.Nf3 Kxh7 22.Nh4 Bf4 23.Ng6 Re8 24.e5 Bh6 25.exf6
gxf6 26.Qh4 Nd7 27.Rg1 Qc2 28.Qg4 Qf5 29.Qxb4 Rb8 30.Qc3 e5 31.Ne3
Bxe3 32.Qxe3 Rxb2 33.Nh4 Rb1+ 34.Bd1 Qc2 35.Rxb1 Qxb1 36.Rg6
Qb4+ 37.Kf1 Qf4 38.Qxf4 exf4 39.Bc2 Kh8 40.h6 Ne5 41.Rxf6 Bh3+
42.Kg1 Ng4 43.Ng6+ Kg8 44.h7+ Kxh7 45.Ne5+ Kh8 46.Nxg4 Re1+ 47.Kh2
Bxg4 48.Rh6+ Kg7 49.Rg6+ Kh8 50.Rxg4 Re2 51.Bb3 Rxf2+ 52.Rg2
Rf1 53.Rd2 Kg7 54.Kg2 Rc1 55.Rxd5 Rc6 56.Kf3 Kf6 57.Kxf4 Rb6
58.Rf5+ Ke7 59.Ke5 Rb5+ 60.Bd5 Ra5 61.Rf7+ Ke8 62.Ra7 Kf8 63.Kf6
Ke8 64.Be6 Kd8 65.Rd7+ 1-0

[Event "Team women chess final 2021"]
[Site "?"]
[Date "2021.05.05"]
[Round "5.6"]
[White "Gritsayeva, Oksana"]
[Black "Badelka, Olga"]
[Result "1/2-1/2"]
[WhiteElo "2336"]
[BlackElo "2433"]
[PlyCount "108"]
[EventDate "2021.??.??"]

1.e4 c5 2.Nf3 e6 3.c3 Nf6 4.e5 Nd5 5.d4 cxd4 6.cxd4 d6 7.Bc4
Be7 8.O-O O-O 9.Qe2 Nc6 10.Bd2 Qb6 11.Nc3 Nxd4 12.Nxd4 Qxd4 13.exd6
Bxd6 14.Nb5 Qe5 15.Nxd6 Qxd6 16.Rfd1 Bd7 17.Qg4 Rfd8 18.Bc3 Qf8
19.Bxd5 exd5 20.Qg3 Be6 21.Rd4 Rac8 22.Rad1 f6 23.Rf4 d4 24.Rfxd4
Rxd4 25.Rxd4 Bxa2 26.h4 Qf7 27.Rd6 Be6 28.Qe3 Bd7 29.h5 h6 30.Qxa7
Bc6 31.Qc5 Re8 32.Qf5 Qe7 33.Rd4 Qe6 34.Qg6 Qf7 35.Qg4 Qe6 36.Qg3
Kh8 37.Rg4 Re7 38.f3 Qf5 39.Rf4 Qc5+ 40.Qf2 Qxh5 41.Qb6 Rd7 42.Qb4
Rd1+ 43.Kf2 Qe8 44.Rg4 Rd5 45.Re4 Qb8 46.Rg4 h5 47.Rxg7 Qa7+
48.Kg3 Kxg7 49.Qe7+ Kg8 50.Qxf6 Qb8+ 51.Kf2 Qa7+ 52.Kg3 Qb8+
53.Kf2 Qa7+ 54.Kg3 Qb8+ 1/2-1/2

[Event "Team women chess final 2021"]
[Site "?"]
[Date "2021.05.05"]
[Round "5.7"]
[White "Maltsevskaya, Aleksandra"]
[Black "Potapova, Margarita"]
[Result "1-0"]
[WhiteElo "2360"]
[BlackElo "2252"]
[PlyCount "61"]
[EventDate "2021.??.??"]

1.e4 c5 2.Nf3 d6 3.d4 cxd4 4.Nxd4 Nf6 5.f3 Nc6 6.c4 e6 7.Nc3
Be7 8.Be3 O-O 9.Qc2 Bd7 10.O-O-O Nxd4 11.Rxd4 a6 12.g4 Rb8 13.Qd2
Qc7 14.g5 Ne8 15.Kb1 b5 16.e5 Bc6 17.Bd3 g6 18.cxb5 axb5 19.exd6
Bxd6 20.Rc1 Qe7 21.Be4 Bb7 22.Bxb7 Rxb7 23.Ne4 Be5 24.Rd8 Rc7
25.Bc5 Rxc5 26.Rxc5 Bf4 27.Rxe8 Rxe8 28.Qxf4 e5 29.Nf6+ Kh8 30.Qe3
Rd8 31.Rxe5 1-0

[Event "Team women chess final 2021"]
[Site "?"]
[Date "2021.05.05"]
[Round "5.8"]
[White "Tomilova, Elena"]
[Black "Solozhenkina, Elizaveta"]
[Result "1-0"]
[WhiteElo "2338"]
[BlackElo "2308"]
[PlyCount "171"]
[EventDate "2021.??.??"]

1.c4 e5 2.g3 Nf6 3.Bg2 d5 4.cxd5 Nxd5 5.Nf3 Nc6 6.O-O Nb6 7.b3
Bd6 8.Bb2 O-O 9.d3 Qe7 10.Nbd2 f5 11.Nc4 Bd7 12.Rc1 Rab8 13.Nxd6
cxd6 14.b4 e4 15.dxe4 fxe4 16.Nd4 d5 17.b5 Ne5 18.Qb3 Nec4 19.Bc3
Rfc8 20.Rfd1 a6 21.a4 axb5 22.Nxb5 Ra8 23.Ra1 Qe8 24.Rdb1 Bxb5
25.axb5 Rxa1 26.Bxa1 Qe7 27.Rd1 Qa3 28.Qxa3 Nxa3 29.Bd4 Nbc4
30.Bh3 Re8 31.b6 Kf7 32.Bc5 Rd8 33.Bf5 Nb5 34.Ra1 g6 35.Bh3 d4
36.Ra4 Ne5 37.Ra5 d3 38.exd3 exd3 39.Be3 Nc4 40.Rxb5 Nxe3 41.fxe3
d2 42.Bg4 d1Q+ 43.Bxd1 Rxd1+ 44.Kg2 Rd6 45.Kf3 Ke6 46.Ke4 h6
47.h4 Rc6 48.g4 Rc4+ 49.Kf3 Rc6 50.Kf4 Rc4+ 51.Kf3 Rc6 52.g5
h5 53.Rb4 Ke7 54.Ke4 Ke6 55.Kd4 Ke7 56.Rb2 Rd6+ 57.Kc5 Rd3 58.Ra2
Rc3+ 59.Kb4 Rc6 60.Kb5 Rd6 61.Rc2 Rd5+ 62.Kb4 Re5 63.Rc7+ Kd6
64.Rxb7 Kc6 65.Rg7 Kxb6 66.Rxg6+ Kc7 67.Rh6 Re4+ 68.Kc5 Rxh4
69.Rh7+ Kd8 70.Kd6 Ke8 71.Ke5 Rh3 72.e4 Kf8 73.Kf6 Rf3+ 74.Kg6
Re3 75.Rxh5 Rxe4 76.Rh8+ Ke7 77.Kg7 Rg4 78.g6 Rg1 79.Rh2 Rg3
80.Kh7 Kf8 81.Rf2+ Ke7 82.g7 Rh3+ 83.Kg8 Rg3 84.Rf4 Ra3 85.Rh4
Kf6 86.Kh8 1-0

[Event "Team women chess final 2021"]
[Site "?"]
[Date "2021.05.05"]
[Round "5.9"]
[White "Geller, Anastasiya"]
[Black "Shafigullina, Zarina"]
[Result "1/2-1/2"]
[WhiteElo "2192"]
[BlackElo "2293"]
[PlyCount "85"]
[EventDate "2021.??.??"]

1.e4 c5 2.Ne2 d6 3.g3 Nf6 4.Bg2 Nc6 5.c3 e6 6.d4 d5 7.e5 Nd7
8.O-O Be7 9.Nd2 cxd4 10.cxd4 O-O 11.Nf3 Nb6 12.Re1 Bd7 13.h4
Qc7 14.h5 a5 15.h6 g6 16.Bg5 Qd8 17.Bxe7 Qxe7 18.Nf4 Rac8 19.Nd3
Rc7 20.b3 Rfc8 21.Qd2 Be8 22.Bf1 Nd7 23.a3 Nb6 24.Qf4 Na7 25.a4
Nc6 26.Rec1 Nd7 27.Kg2 b6 28.Be2 Ndb8 29.Nh2 Qf8 30.Ng4 Kh8 31.Bf1
Ne7 32.Rxc7 Rxc7 33.Nf6 Ng8 34.g4 Rc8 35.Nxg8 Kxg8 36.Rc1 Rxc1
37.Nxc1 Bc6 38.Ne2 Nd7 39.Qc1 Qc8 40.Qg5 Qf8 41.Qc1 Qc8 42.Qg5
Qf8 43.Qc1 1/2-1/2

[Event "Team women chess final 2021"]
[Site "?"]
[Date "2021.05.05"]
[Round "5.10"]
[White "Yakimova, Mariya"]
[Black "Mironenko, Galina"]
[Result "1/2-1/2"]
[WhiteElo "2217"]
[BlackElo "1990"]
[PlyCount "114"]
[EventDate "2021.??.??"]

1.d4 e6 2.c4 f5 3.g3 Nf6 4.Bg2 Bb4+ 5.Bd2 Bxd2+ 6.Nxd2 O-O 7.Ngf3
d6 8.O-O Nc6 9.Qc2 e5 10.dxe5 dxe5 11.e4 f4 12.gxf4 exf4 13.e5
Ng4 14.Rfe1 Bf5 15.Qc3 Qe7 16.h3 Nh6 17.Nb3 Rad8 18.Nbd4 Nxd4
19.Nxd4 c5 20.Nxf5 Nxf5 21.Bd5+ Kh8 22.Re4 Nd4 23.Kh2 Qh4 24.Rf1
Qh5 25.Rxd4 cxd4 26.Qxd4 Rf5 27.e6 Qh6 28.Re1 Re8 29.Bxb7 Rh5
30.Qd3 Qf6 31.Qd7 Rg8 32.Bf3 Qh4 33.Kg1 Rg5+ 34.Kf1 Qxh3+ 35.Ke2
Re5+ 36.Kd2 Rxe1 37.Kxe1 Qxf3 38.e7 Qe4+ 39.Kd2 f3 40.c5 Qf4+
41.Kd3 Qe5 42.c6 Qe2+ 43.Kc3 Qe1+ 44.Kc4 Qe4+ 45.Kc3 Qe5+ 46.Kd3
g6 47.b3 Qe2+ 48.Kc3 Qe1+ 49.Kc4 Qc1+ 50.Kd3 Qd1+ 51.Kc3 Qe1+
52.Kc4 Qe2+ 53.Kc3 Qe5+ 54.Kc4 Qf4+ 55.Kc3 Qc1+ 56.Kd3 Qf1+ 57.Kc3
Qe1+ 1/2-1/2

[Event "Team women chess final 2021"]
[Site "?"]
[Date "2021.05.05"]
[Round "5.11"]
[White "Filippova, Darya"]
[Black "Nasyrova, Ekaterina"]
[Result "1-0"]
[WhiteElo "1915"]
[BlackElo "2224"]
[PlyCount "79"]
[EventDate "2021.??.??"]

1.Nf3 d5 2.d4 Nf6 3.c4 e6 4.g3 Bb4+ 5.Bd2 Bd6 6.Bg2 O-O 7.O-O
Nbd7 8.b3 Ne4 9.Nc3 Nxd2 10.Nxd2 c6 11.e4 Bb4 12.Rc1 e5 13.cxd5
exd4 14.Ne2 c5 15.f4 Nf6 16.Nc4 Re8 17.Qd3 b5 18.Ne5 Bd7 19.h3
Rc8 20.Kh2 Qb6 21.Nxd7 Nxd7 22.e5 Qb8 23.Qf5 Rcd8 24.d6 g6 25.Qd3
Nxe5 26.fxe5 Rxe5 27.Bc6 Rxd6 28.Bxb5 Re3 29.Qc4 Rde6 30.Nf4
g5 31.Nh5 Qe5 32.Rf2 Be1 33.Rg2 Bc3 34.Rf1 a6 35.Bd7 Re7 36.Bg4
h6 37.Rgf2 Qc7 38.Qxa6 Kh7 39.Bf5+ Kg8 40.Qxh6 1-0